[Event "Najdorf Memorial"]
[Site "Warsaw POL"]
[Date "2011.07.14"]
[Round "2"]
[White "Czarnota,P"]
[Black "Drozdowski,K"]
[Result "1-0"]
[WhiteElo "2541"]
[BlackElo "2311"]

1.e4 c5 2.Nf3 e6 3.d4 cxd4 4.Nxd4 a6 5.Bd3 Nf6 6.O-O d6 7.c4 g6 8.Nc3 Bg7
9.Nf3 O-O 10.Bf4 Nc6 11.Rc1 h6 12.h3 e5 13.Be3 Be6 14.Qd2 g5 15.Nd5 Nd7 16.Rfd1 g4
17.hxg4 Bxg4 18.Be2 Bxf3 19.Bxf3 Nc5 20.Bxh6 Ne6 21.Bg4 Qh4 22.Bxg7 Kxg7
23.Rc3 Ng5 24.Ne3 Nd4 25.Nf5+ Nxf5 26.Bxf5 Rh8 27.Kf1 Rad8 28.Rg3 Kf6 29.Qe3 Qf4
30.Ke2 Qxe3+ 31.Rxe3 Rh2 32.g3 b5 33.cxb5 axb5 34.Red3 Ke7 35.Rc1 Ne6 36.Bxe6 Kxe6
37.Rc6 Rh1 38.Rb6 Ra1 39.a3 Rc1 40.Rxb5 Rc2+ 41.Rd2 Rc4 42.Ke3 f5 43.exf5+ Kxf5
44.Rbd5 Ke6 45.f4 Rg8 46.Rxd6+ Kf5 47.Kf3 e4+ 48.Kg2 Kg4 49.Re2 e3 50.Re6 Rd8
51.Re5 Rg8 52.R5xe3 Rc1 53.Rf2 Rc5 54.f5  1-0

[Event "Najdorf Memorial"]
[Site "Warsaw POL"]
[Date "2011.07.14"]
[Round "2"]
[White "Licznerski,L"]
[Black "Simonian,H"]
[Result "1/2-1/2"]
[WhiteElo "2122"]
[BlackElo "2461"]

1.e4 c5 2.Nf3 e6 3.d4 cxd4 4.Nxd4 a6 5.Bd3 Qc7 6.O-O Nf6 7.Qe2 d6 8.c4 Nc6
9.Nxc6 bxc6 10.b3 e5 11.Nc3 Be6 12.Bb2 Qa7 13.Rac1 Nd7 14.Na4 Nc5 15.Nxc5 Qxc5
16.a3 a5 17.Ra1 Be7 18.b4 Qa7 19.c5 O-O 20.cxd6 Bxd6 21.bxa5 Qxa5 22.Rfc1 Rfc8
23.a4 Rab8 24.Bc4 Bxc4 25.Rxc4 Rb3 26.Qd1 Rxb2 27.Qxd6 Rd2 28.Qc5 Ra2 29.Rd1 Rd8
30.Rxd8+ Qxd8 31.Rc1 Rxa4 32.Qxc6 Rd4 33.f3 g6 34.Qc8 Qxc8  1/2-1/2

[Event "St Pauli Open"]
[Site "Hamburg GER"]
[Date "2011.07.15"]
[Round "8.17"]
[White "Wobbe,S"]
[Black "Johannsen,D"]
[Result "1-0"]
[WhiteElo "2180"]
[BlackElo "2083"]

1.e4 c5 2.Nf3 e6 3.d4 cxd4 4.Nxd4 a6 5.Bd3 Qc7 6.O-O Nf6 7.c4 Bc5 8.Nc2 Nc6
9.Nc3 Ne5 10.Be2 Ba7 11.Ne3 O-O 12.b3 Rd8 13.Kh1 Ng6 14.Qd2 b5 15.cxb5 Bb8
16.g3 d5 17.exd5 exd5 18.Bf3 Ne4 19.Bxe4 dxe4 20.Ncd5 Qe5 21.Bb2 Qe6 22.Rfd1 Re8
23.b6 Qh3 24.Qb4 Nh4 25.Ne7+ Kh8 26.Nxc8 Bf4 27.Qxe4 Raxc8 28.Qxf4 Ng6 29.Qxf7 Re7
30.Bxg7+  1-0

[Event "III Corporation Cup A"]
[Site "Izhevsk RUS"]
[Date "2011.07.15"]
[Round "1"]
[White "Makarenko,A"]
[Black "Artemiev,V"]
[Result "1-0"]
[WhiteElo "2082"]
[BlackElo "2401"]

1.e4 c5 2.Nf3 e6 3.d4 cxd4 4.Nxd4 a6 5.Bd3 Nf6 6.c4 d6 7.Nc3 g6 8.Bg5 Bg7
9.Rc1 Qc7 10.O-O O-O 11.Qd2 Re8 12.Be2 b6 13.Bf3 Bb7 14.Rfd1 Nbd7 15.Ndb5 axb5
16.Nxb5 Qb8 17.Nxd6 Nc5 18.Nxe8 Qxe8 19.Bxf6 Bxf6 20.b4 Na4 21.Qd7 Qc8 22.Qxc8+ Rxc8
23.Rd7 Bc6 24.Ra7 Nc3 25.Ra6 Bxe4 26.Rxc3 Bxc3 27.Bxe4 Rxc4 28.Bc2 Bd4 29.Ra8+ Kg7
30.Bd3 Rc1+ 31.Bf1 Rc2 32.g4 Rxf2 33.Rd8 Rf4+ 34.Kg2 Bf6 35.Rd7 Rxg4+ 36.Kf3 Rxb4
37.Bh3 Kg8 38.Rb7 Bd4  1-0

[Event "111th ch-SUI"]
[Site "Leukerbad SUI"]
[Date "2011.07.15"]
[Round "9"]
[White "Gallagher,Jo"]
[Black "Zueger,B"]
[Result "1/2-1/2"]
[WhiteElo "2501"]
[BlackElo "2407"]

1.e4 c5 2.Nf3 e6 3.d4 cxd4 4.Nxd4 a6 5.Bd3 Bc5 6.Nb3 Ba7 7.Nc3 Nc6 8.Qe2 d6
9.Be3 Nge7 10.O-O e5 11.Rfd1 O-O 12.a4 Bxe3 13.Qxe3 Be6 14.Nd5 Bxd5 15.exd5 Nb8
16.c4 Nd7 17.c5 Nf6 18.Bc4 Re8 19.Qe1 Nf5 20.Rac1 e4 21.Qc3 e3 22.f3 Nh5
23.Nd4 Nh4 24.Bf1 Qg5 25.Rc2 Nf4 26.g3 Nxd5 27.Qb3 dxc5 28.Rxc5 Rad8 29.f4 Qg4
30.Be2 Qh3 31.Bf1 Qg4 32.Be2 Qh3 33.Bf1 Qg4 34.Be2  1/2-1/2

[Event "Pinnacle 48th COCC"]
[Site "Toronto CAN"]
[Date "2011.07.15"]
[Round "7"]
[White "Henry,Lia"]
[Black "Fedorowicz,J"]
[Result "0-1"]
[WhiteElo "2150"]
[BlackElo "2454"]

1.e4 c5 2.Nf3 e6 3.d4 cxd4 4.Nxd4 a6 5.Bd3 Bc5 6.Nb3 Be7 7.Qg4 g6 8.Qe2 d6
9.Nc3 Qc7 10.O-O Nd7 11.Bd2 h5 12.f4 Ngf6 13.Rae1 b5 14.a4 b4 15.Na2 d5 16.exd5 Nxd5
17.Kh1 N7f6 18.c4 bxc3 19.Nxc3 Nb4 20.Bb1 h4 21.f5 gxf5 22.Bxf5 h3 23.Bxh3 Rxh3
24.gxh3 Bb7+ 25.Kg1 Qc6 26.Bf4 Nd3  0-1

[Event "3rd International Open"]
[Site "Rethymno GRE"]
[Date "2011.07.16"]
[Round "7"]
[White "Zubarev,Al1"]
[Black "Stubberud,O"]
[Result "1-0"]
[WhiteElo "2597"]
[BlackElo "2322"]

1.e4 c5 2.Nf3 e6 3.d4 cxd4 4.Nxd4 a6 5.Bd3 Nf6 6.O-O Qc7 7.Nd2 Nc6 8.Nxc6 dxc6
9.a4 e5 10.Nc4 Be6 11.f4 Bxc4 12.Bxc4 Bc5+ 13.Kh1 O-O 14.Qf3 exf4 15.Bxf4 Bd6
16.Bg5 Be5 17.c3 Kh8 18.Rae1 Rae8 19.Qh3 Qa5 20.Rf5 Qxa4 21.b3 Qa3 22.Bxf6 Bxf6
23.Rh5 h6 24.Rxh6+ gxh6 25.Qxh6+ Kg8 26.Qxf6 b5 27.Qg6+ Kh8 28.Bxf7 Rxf7
29.Qxf7 Rf8 30.Qh5+ Kg8 31.Qg6+ Kh8 32.h3 Qc5 33.Qh6+ Kg8 34.Qg6+ Kh8 35.Qh6+ Kg8
36.Re3 Rf1+ 37.Kh2 Qe5+ 38.Rg3+ Kf7 39.Qg6+  1-0

[Event "34th Taminco Open"]
[Site "Ghent BEL"]
[Date "2011.07.17"]
[Round "4.1"]
[White "Fedorchuk,S"]
[Black "Cordts,I"]
[Result "1-0"]
[WhiteElo "2618"]
[BlackElo "2306"]

1.e4 c5 2.Nf3 e6 3.d4 cxd4 4.Nxd4 a6 5.Bd3 Bc5 6.Nb3 Be7 7.Be3 d6 8.N1d2 Nd7
9.f4 b6 10.Qe2 Bb7 11.O-O-O Qc7 12.Kb1 Ngf6 13.g4 Nc5 14.Nxc5 dxc5 15.g5 Nd7
16.Rhg1 b5 17.c4 b4 18.Bc2 Bc6 19.e5 Qb7 20.Bf2 a5 21.f5 g6 22.fxe6 fxe6
23.Ne4 O-O 24.Nf6+ Bxf6 25.gxf6 Kf7 26.Qe3 Rh8 27.Rd6 b3 28.Qxb3 Qxb3 29.axb3 Rhc8
30.Bg3 Rc7 31.Bf4 a4 32.bxa4 Bxa4 33.b3 Rb7 34.Rg3 Nb8 35.Be4 Raa7 36.Bxb7 Rxb7
37.Kb2 Be8 38.Bd2 Bc6 39.Rd8 Be4 40.Bh6 Nd7 41.Rh8 g5 42.Rxg5 Bg6 43.h4  1-0

[Event "St Pauli Open"]
[Site "Hamburg GER"]
[Date "2011.07.17"]
[Round "9.41"]
[White "Powierski,E"]
[Black "Hartkopf,Uwe"]
[Result "1-0"]
[WhiteElo "2019"]
[BlackElo "2064"]

1.e4 c5 2.Nf3 e6 3.d4 cxd4 4.Nxd4 a6 5.Bd3 Bc5 6.Nb3 Be7 7.Qg4 g6 8.Qe2 Qc7
9.O-O d6 10.a4 b6 11.Na3 Bb7 12.Nc4 Nd7 13.a5 b5 14.Nb6 Nxb6 15.axb6 Qxb6
16.Na5 Bc8 17.Be3 Qc7 18.Rfc1 h5 19.c4 b4 20.c5 Nf6 21.cxd6 Qxd6 22.Nc6 Ng4
23.e5 Nxe5 24.Bf4 Qxd3 25.Qxe5 f6 26.Qc7 Qd7 27.Nxe7 Kxe7 28.Qb6 Ra7 29.Rd1 Qb7
30.Qd6+ Kf7 31.Be3 Re8 32.Bxa7 Qxa7 33.Rac1 Kg8 34.Rxc8 Rxc8 35.Qxe6+ Kg7
36.Qxc8  1-0

[Event "St Pauli Open"]
[Site "Hamburg GER"]
[Date "2011.07.17"]
[Round "9.31"]
[White "Bildat,J"]
[Black "Raider,E"]
[Result "1-0"]
[WhiteElo "2106"]
[BlackElo "1899"]

1.e4 c5 2.Nf3 e6 3.d4 cxd4 4.Nxd4 a6 5.Bd3 Qb6 6.Nf3 d6 7.O-O Qc7 8.c4 b6
9.Qe2 Nd7 10.Nc3 Bb7 11.Bf4 Ngf6 12.Rfd1 e5 13.Bg5 h6 14.Be3 Nc5 15.Nd2 Nxd3
16.Qxd3 Rc8 17.f3 Be7 18.Nd5 Nxd5 19.cxd5 Bg5 20.Rac1 Qxc1 21.Rxc1 Rxc1+
22.Nf1 Bxe3+ 23.Qxe3 Rc5 24.b4 Rb5 25.Qc3 a5 26.Qc7 O-O 27.Qxb7 f5 28.bxa5 fxe4
29.axb6 Rb1 30.Kf2 exf3 31.gxf3 e4 32.Nd2 Rb2 33.Ke3 exf3 34.Nxf3 Rxa2 35.Nd4 Ra3+
36.Ke2 Ra2+ 37.Kd3 Ra3+ 38.Kc4 Ra4+ 39.Kc3 Ra3+ 40.Kb4 Rfa8 41.Qc6 Ra1 42.b7 Rb1+
43.Nb3 Rf8 44.Qxd6 Rf3 45.Qe6+  1-0

[Event "ch-SWE Master Elite"]
[Site "Vasteras SWE"]
[Date "2011.07.17"]
[Round "2"]
[White "Carlsson,P"]
[Black "Hillarp Persson,T"]
[Result "0-1"]
[WhiteElo "2496"]
[BlackElo "2547"]

1.e4 c5 2.Nf3 e6 3.d4 cxd4 4.Nxd4 a6 5.Bd3 Bc5 6.Nb3 Ba7 7.Qg4 Nf6 8.Qg3 d6
9.Nc3 Nc6 10.Bg5 h6 11.Bd2 Ne5 12.f4 Nxd3+ 13.cxd3 O-O 14.O-O-O Bd7 15.Kb1 a5
16.e5 Ne8 17.Ne4 Bb8 18.Bc3 dxe5 19.fxe5 f5 20.Nd6 b6 21.h4 Bc6 22.Nd4 Bd5
23.N4b5 Qd7 24.Qf4 Nxd6 25.Nxd6 b5 26.Bd4 Ra6 27.Rhg1 b4 28.Nc4 Qd8 29.Bc5 Rf7
30.Ne3 Rc6 31.Rc1 Rfc7 32.Nxd5 Qxd5 33.d4 Rc8 34.Rce1 Rxc5 35.dxc5 Rxc5 36.Rd1 Qxe5
37.Rd8+ Kh7 38.Qxe5 Bxe5 39.Rc1 Rb5 40.h5 Bf6 41.Re8 f4 42.Rxe6 Rxh5 43.Re4 Rh2
44.Rc2 Kg6 45.Re6 h5 46.Ra6 h4 47.Rxa5 f3 48.gxf3 Rh1+ 49.Rc1 Rxc1+ 50.Kxc1 h3
51.Rd5 h2 52.Rd1 Bd4 53.Rh1 Bg1 54.Kd2 Kf5 55.Ke2 Kf4 56.Kf1 Kxf3 57.a4  0-1

[Event "Najdorf Memorial"]
[Site "Warsaw POL"]
[Date "2011.07.17"]
[Round "4.36"]
[White "Nasuta,G"]
[Black "Klepaczka,T"]
[Result "1/2-1/2"]
[WhiteElo "2237"]
[BlackElo "2144"]

1.e4 c5 2.Nf3 e6 3.d4 cxd4 4.Nxd4 a6 5.Bd3 Qc7 6.Nc3 Nc6 7.Be3 Nf6 8.O-O b5
9.Kh1 Ne5 10.Bf4 Bb7 11.Qe2 d6 12.Bg3 Rc8 13.Rae1 Nc4 14.Nd1 h5 15.h3 Be7
16.f4 h4 17.Bh2 g6 18.e5 Nh5 19.Nxe6 Qd7 20.exd6 Nxd6 21.Ng5 Kf8 22.Nf3 Bf6
23.Qf2 Kg7 24.Kg1 Nf5 25.Bxf5 Qxf5 26.Ne3 Qe4 27.Ne5 Ng3  1/2-1/2

[Event "Najdorf Memorial"]
[Site "Warsaw POL"]
[Date "2011.07.17"]
[Round "4.41"]
[White "Delega,T"]
[Black "Poznanska,K"]
[Result "1-0"]
[WhiteElo "2176"]
[BlackElo "2068"]

1.e4 c5 2.Nf3 e6 3.d4 cxd4 4.Nxd4 a6 5.Bd3 Nf6 6.O-O Qc7 7.Kh1 d6 8.c4 Nbd7
9.Nc3 Be7 10.Be3 b6 11.f3 Bb7 12.Rc1 Rc8 13.b3 O-O 14.Qe1 Qb8 15.Qf2 Rfd8
16.Rfd1 Bf8 17.Nde2 Bc6 18.Nd4 Bb7 19.Bg5 h6 20.Be3 Nc5 21.Bb1 a5 22.Qh4 Rd7
23.Bxh6 gxh6 24.Qxf6 Bg7 25.Qh4 a4 26.b4 Na6 27.Nxa4 Ba8 28.a3 Rdc7 29.Ba2 d5
30.exd5 Bxd5 31.Nb5 Rc6 32.Bb3 Qe5 33.Na7 Qe3 34.Nxc6 Rxc6 35.Qd8+ Kh7 36.Bc2+ f5
37.cxd5  1-0

[Event "16th Balaguer Open"]
[Site "Balaguer ESP"]
[Date "2011.07.18"]
[Round "2"]
[White "Perez Cabas,J"]
[Black "Kovacevic,Sl"]
[Result "0-1"]
[WhiteElo "1959"]
[BlackElo "2325"]

1.e4 c5 2.Nf3 e6 3.d4 cxd4 4.Nxd4 a6 5.Bd3 Nf6 6.Qe2 d6 7.c4 Nbd7 8.O-O Be7
9.Nc3 O-O 10.b3 Re8 11.Bb2 Bf8 12.f4 g6 13.e5 dxe5 14.fxe5 Nxe5 15.Qxe5 Ng4
16.Qe4 f5 17.Nxf5 exf5 18.Qd5+ Be6 19.Qxd8 Raxd8 20.Nd5 Bxd5 21.cxd5 Bc5+
22.Kh1 Nf2+ 23.Rxf2 Bxf2 24.d6 b5 25.a4 Rxd6 26.Bf1 Rd5 27.axb5 axb5 28.Bc3 Rc8
29.Bb4 f4 30.Be2 Kg7 31.Bf3 Rd3 32.Rb1 Rxb3  0-1

[Event "III Corporation Cup A"]
[Site "Izhevsk RUS"]
[Date "2011.07.18"]
[Round "4"]
[White "Bezgodov,A"]
[Black "Vasilevich,I"]
[Result "1/2-1/2"]
[WhiteElo "2503"]
[BlackElo "2367"]

1.e4 c5 2.Nf3 e6 3.d4 cxd4 4.Nxd4 a6 5.Bd3 Qc7 6.Qf3 Nc6 7.Nxc6 bxc6 8.Qg3 Qxg3
9.hxg3 e5 10.f4 Bc5 11.fxe5 Bd4 12.c3 Bxe5 13.Bf4 d6 14.Nd2 Be6 15.Nf3 f6
16.Nd4 Bd7 17.O-O-O Ne7 18.Bc4 Ng6 19.Rhf1 Ke7 20.Nf5+ Bxf5 21.exf5 Nf8 22.Kc2 a5
23.Rfe1 Nd7 24.g4 d5 25.Bf1 Kd6 26.Bc1 a4 27.g5 Rhe8 28.g4 fxg5 29.Bxg5 h6
30.Bc1 Bg3 31.Rxe8 Rxe8 32.c4 Nf6 33.g5 hxg5 34.Bxg5 Kc5 35.cxd5 cxd5 36.Rd3 Be5
37.Bg2 Rb8 38.b3 axb3+ 39.Rxb3 Rh8 40.Rh3 Ra8 41.a3 Ra4 42.Bd2 Rg4 43.Bf3 Rc4+
44.Kb3 Ne4 45.Bb4+ Kb6 46.Bxe4  1/2-1/2

[Event "3rd International Open"]
[Site "Rethymno GRE"]
[Date "2011.07.18"]
[Round "9"]
[White "Kryvoruchko,Y"]
[Black "Nikolov,Mo"]
[Result "1/2-1/2"]
[WhiteElo "2652"]
[BlackElo "2589"]

1.e4 c5 2.Nf3 e6 3.d4 cxd4 4.Nxd4 a6 5.Bd3 Nf6 6.O-O Qc7 7.Qe2 d6 8.c4 g6
9.Nc3 Bg7 10.Nf3 O-O 11.Bf4 Nh5 12.Bd2 b6 13.Rac1 Bb7 14.Rfd1 Nd7 15.Be3 Rac8
16.Bb1 Rfe8 17.Qd2 Bf8 18.b3 Qb8 19.Bh6 Be7 20.Bg5 Bf8 21.Bh6 Be7 22.Bg5 Bf8
23.Bh6  1/2-1/2

[Event "20th ch-MKD Open"]
[Site "Struga MKD"]
[Date "2011.07.18"]
[Round "3"]
[White "Popovic,AM"]
[Black "Hadzi Manev,L"]
[Result "1-0"]
[WhiteElo "2321"]
[BlackElo "2134"]

1.e4 c5 2.Nf3 e6 3.d4 cxd4 4.Nxd4 a6 5.Bd3 Bc5 6.c3 Nc6 7.Be3 Qb6 8.O-O Nf6
9.Nd2 Ne5 10.b4 Nxd3 11.bxc5 Qc7 12.Nc4 Nxc5 13.e5 Nfe4 14.Nd6+ Nxd6 15.exd6 Qxd6
16.Nxe6 Qxd1 17.Nxg7+ Kf8 18.Raxd1 Kxg7 19.Bxc5 Re8 20.Rd3 Re6 21.f4 f5 22.Rd5 b6
23.Bd4+ Kg6 24.Rf3 Bb7 25.Rg3+ Kf7 26.Rxd7+  1-0

[Event "34th Taminco Open"]
[Site "Ghent BEL"]
[Date "2011.07.20"]
[Round "9.13"]
[White "Roos,Dav"]
[Black "Clemens,A"]
[Result "1/2-1/2"]
[WhiteElo "1988"]
[BlackElo "2233"]

1.e4 c5 2.Nf3 e6 3.d4 cxd4 4.Nxd4 a6 5.Bd3 Bc5 6.Nb3 Be7 7.Be3 d6 8.a4 b6
9.a5 Nd7 10.axb6 Nxb6 11.Na5 Qc7 12.c4 Nf6 13.O-O d5 14.cxd5 exd5 15.e5  1/2-1/2

[Event "2nd SPI Open"]
[Site "Satu Mare ROU"]
[Date "2011.07.20"]
[Round "8"]
[White "Chereches,M"]
[Black "Filip,L"]
[Result "1/2-1/2"]
[WhiteElo "2280"]
[BlackElo "2469"]

1.e4 c5 2.Nf3 e6 3.d4 cxd4 4.Nxd4 a6 5.Bd3 Bc5 6.Nb3 Be7 7.O-O d6 8.c4 Nf6
9.Nc3 b6 10.Be3 Bb7 11.Rc1 Nbd7 12.f3 O-O 13.Nd4 Rc8 14.b3 Re8 15.Qd2 Qc7
16.Rfd1 Qb8 17.Bf1 Bd8 18.Bf2 Bc7 19.g3 h5 20.Rc2 h4 21.Qg5 Bd8 22.Qc1 hxg3
23.hxg3 Be7 24.Bh3 Bf8 25.Qg5 Rc5 26.Qc1 Ba8 27.Nde2 Rc7 28.Nd4 Rc5 29.Nde2 Rh5
30.Nf4 Rh6 31.Bg2 g5 32.Nd3 g4 33.f4 Rh5 34.Be3 Bb7 35.Nf2 Qa8 36.Qd2 b5
37.cxb5 axb5 38.b4 d5 39.Nxb5 d4 40.Nxd4 Nxe4 41.Nxe4 Bxe4 42.Nc6 Nf6 43.Rdc1 Qa3
44.Qc3 Ra8 45.Re2 Bxg2 46.Kxg2 Qxc3 47.Rxc3 Nd5 48.Rb3 Ra6 49.b5 Nxe3+ 50.Rbxe3 Rxb5
51.Ne5 Rba5 52.Nxg4 Rxa2  1/2-1/2

[Event "4th Paleohora Open"]
[Site "Paleochora GRE"]
[Date "2011.07.21"]
[Round "2"]
[White "Soukos,K"]
[Black "Kaplan,S"]
[Result "0-1"]
[WhiteElo "2105"]
[BlackElo "2436"]

1.e4 c5 2.Nf3 e6 3.d4 cxd4 4.Nxd4 a6 5.Bd3 Bc5 6.Nb3 Be7 7.Qg4 g6 8.Qg3 d6
9.Nc3 Nc6 10.a4 b6 11.O-O h5 12.f4 Nf6 13.f5 gxf5 14.exf5 e5 15.Bg5 Rg8 16.Qh4 Bb7
17.Rad1 Nb8 18.Rd2 Nbd7 19.Rfd1 Qc7 20.Bf1 O-O-O 21.a5 Rg7 22.Bxf6 Nxf6 23.Qf2 b5
24.Nd5 Nxd5 25.Rxd5 Rg4 26.R5d3 d5 27.Qa7 f6 28.Rc3 Rc4 29.Bxc4 bxc4 30.Qb6 Kb8
31.Qxc7+ Kxc7 32.Nd2 Bc5+ 33.Kf1 Bd4 34.Rg3 Rd7 35.c3 Bc5 36.Rg6 Be7 37.Rh6 Bc6
38.Rxh5 Ba4 39.Rc1 Kd6 40.Rh7 Rb7 41.h4 Rxb2 42.h5 Rxd2 43.h6 Bf8 44.Rh8 Ke7
45.h7 Bg7 46.Rg8 Kf7 47.h8=Q Bxh8 48.Rxh8 Bb3 49.Ra8 d4 50.Ra7+ Kf8 51.Rxa6 d3
52.Rxf6+ Kg7 53.Ra1 Rc2 54.Rd6 d2 55.Rd1 Rc1 56.Ke2 Rxd1 57.a6 Re1+  0-1

[Event "Najdorf Memorial"]
[Site "Warsaw POL"]
[Date "2011.07.21"]
[Round "8.39"]
[White "Jarmula,P"]
[Black "Poznanska,K"]
[Result "1-0"]
[WhiteElo "2119"]
[BlackElo "2068"]

1.e4 c5 2.Nf3 e6 3.d4 cxd4 4.Nxd4 a6 5.Bd3 b5 6.a4 b4 7.O-O Qc7 8.Be3 Bb7
9.Nd2 Nf6 10.f4 Bc5 11.Qe2 d6 12.N4b3 Bxe3+ 13.Qxe3 Nbd7 14.Rae1 e5 15.fxe5 dxe5
16.Kh1 O-O 17.Qg5 h6 18.Qh4 Bc6 19.a5 Bb5 20.g4 Nh7 21.Qg3 Ng5 22.Rc1 Nf6
23.Rf5 Ne6 24.Bxb5 axb5 25.Qxe5 Qxe5 26.Rxe5 Nxg4 27.Rxb5 Nf4 28.Rxb4 f5
29.e5 Nf2+ 30.Kg1 N2h3+ 31.Kf1 Nd5 32.Rd4 Ne3+ 33.Ke2 f4 34.Nc4 Ng4 35.Kf3 h5
36.Kg2 Ng5 37.h4 f3+ 38.Kg3 Ne6 39.Rd6 f2 40.Rf1 Rac8 41.Nbd2 Nc5 42.Rd4 Rc7
43.Rxg4 hxg4 44.Rxf2 Rxf2 45.Kxf2 Ne4+ 46.Nxe4 Rxc4 47.Nc3 Kf7 48.a6 Rc7
49.Kg3 Ra7 50.Kxg4 Rxa6 51.Kf5 g6+ 52.Ke4 Rb6 53.b3 Rb4+ 54.Kd5 Rxh4 55.Ne4 Rh1
56.Ng5+ Ke7 57.b4 Rg1 58.Nf3 g5 59.Nxg1  1-0

[Event "Najdorf Memorial"]
[Site "Warsaw POL"]
[Date "2011.07.21"]
[Round "8"]
[White "Swiercz,D"]
[Black "Olszewski,Mi"]
[Result "1-0"]
[WhiteElo "2553"]
[BlackElo "2541"]

1.e4 c5 2.Nf3 e6 3.d4 cxd4 4.Nxd4 a6 5.Bd3 Bc5 6.Nb3 Be7 7.Be3 Nc6 8.Nc3 Nf6
9.f4 d6 10.Qf3 Qc7 11.g4 b5 12.g5 Nd7 13.O-O-O Bb7 14.Kb1 Rc8 15.Qh3 g6 16.Rhf1 Nb4
17.Rc1 Nc5 18.Nxc5 dxc5 19.Be2 O-O 20.f5 exf5 21.exf5 gxf5 22.Rxf5 Rcd8 23.a3 Nd5
24.Rxd5 Bxd5 25.Bd3 f5 26.gxf6 Bxf6 27.Nxd5 Rxd5 28.Qg2+ Kh8 29.Qxd5 c4 30.Be4  1-0

[Event "15th Battle of Senta Open"]
[Site "Senta SRB"]
[Date "2011.07.22"]
[Round "8.1"]
[White "Nadj Hedjesi,B"]
[Black "Nestorovic,De"]
[Result "1/2-1/2"]
[WhiteElo "2354"]
[BlackElo "2404"]

1.e4 c5 2.Nf3 e6 3.d4 cxd4 4.Nxd4 a6 5.Bd3 Nf6 6.O-O Qc7 7.Qe2 d6 8.c4 Nbd7
9.Nc3 g6 10.Be3 Bg7 11.Rac1 O-O 12.Rfd1  1/2-1/2

[Event "Najdorf Memorial"]
[Site "Warsaw POL"]
[Date "2011.07.22"]
[Round "9"]
[White "Doluhanova,E"]
[Black "Laurusas,T"]
[Result "0-1"]
[WhiteElo "2227"]
[BlackElo "2329"]

1.e4 c5 2.Nf3 e6 3.d4 cxd4 4.Nxd4 a6 5.Bd3 Bc5 6.Nb3 Be7 7.Be3 d6 8.f4 Qc7
9.N1d2 Nf6 10.Qf3 h5 11.O-O-O Nbd7 12.h3 h4 13.Kb1 b5 14.g4 hxg3 15.Qxg3 Nh5
16.Qf2 Bb7 17.Rhg1 g6 18.Bd4 e5 19.fxe5 dxe5 20.Be3 Rc8 21.Rgf1 Rh7 22.c4 b4
23.Be2 Nhf6 24.c5 Nxe4 25.Nxe4 Bxe4+ 26.Ka1 f5 27.Bxa6 Ra8 28.Qe2 Rxh3 29.c6 Qxc6
30.Bb5 Rxe3 31.Bxc6 Rxe2 32.Bxd7+ Kf7 33.Bb5 Rc2 34.Rde1 Bd5 35.Kb1 Rac8
36.Bd3 Rh2 37.Rxe5 Bf6 38.Re2 Rxe2 39.Bxe2 Be4+  0-1

[Event "4th Paleohora Open"]
[Site "Paleochora GRE"]
[Date "2011.07.23"]
[Round "5"]
[White "Can,E"]
[Black "Faibisovich,V"]
[Result "1-0"]
[WhiteElo "2498"]
[BlackElo "2409"]

1.e4 c5 2.Nf3 e6 3.d4 cxd4 4.Nxd4 a6 5.Bd3 Bc5 6.Nb3 Be7 7.Qg4 Kf8 8.Qe2 d6
9.Be3 Nf6 10.N1d2 Nbd7 11.O-O-O b5 12.f4 h5 13.Kb1 Bb7 14.Rhf1 Qc7 15.g3 Rc8
16.h3 d5 17.e5 Ne4 18.Bxe4 dxe4 19.c3 Bd5 20.Bd4 Rh6 21.Rfe1 f5 22.exf6 Nxf6
23.Be5 Qb7 24.g4 hxg4 25.hxg4 Rh4 26.g5 Ng4 27.Bd4 Kf7 28.Nxe4 Rh2 29.Qd3 Rch8
30.Nec5 Qc8 31.f5 exf5 32.g6+ Kf8 33.Bxg7+ Kxg7 34.Rxe7+  1-0

[Event "4th Paleohora Open"]
[Site "Paleochora GRE"]
[Date "2011.07.23"]
[Round "5"]
[White "Sandalakis,A"]
[Black "Valenti,G"]
[Result "1-0"]
[WhiteElo "2383"]
[BlackElo "2144"]

1.e4 c5 2.Nf3 e6 3.d4 cxd4 4.Nxd4 a6 5.Bd3 Nf6 6.O-O Qc7 7.Qe2 d6 8.c4 Be7
9.Nc3 Nbd7 10.Bd2 Ne5 11.Rac1 Nxd3 12.Qxd3 O-O 13.Rfd1 Re8 14.Bg5 h6 15.Bh4 Bd7
16.Nf3 Rad8 17.h3 Bc8 18.Bg3 b6 19.b3 Bb7 20.Qe3 Nd7 21.Rc2 Ne5 22.Rcd2 Bc6
23.Nd4 Bd7 24.f4 Ng6 25.Kh1 Qb7 26.a4 Qc7 27.Qf2 Bf6 28.f5 Ne5 29.Bh4 Bxh4
30.Qxh4 f6 31.Qg3 Qc5 32.fxe6 Bxe6 33.Nd5 Bxd5 34.Nf5 Qc7 35.Rxd5 Kh7 36.Nxd6 Rg8
37.Nf5 g6 38.Ne3 Qe7 39.Rxd8 Rxd8 40.Nd5 Qe6 41.Qf2 Rd6 42.a5 bxa5 43.Qa7+ Rd7
44.Nxf6+ Qxf6 45.Rxd7+ Nxd7 46.Qxd7+ Kh8 47.Qc8+ Kg7 48.Qc7+ Kg8 49.c5 Qe6
50.Qd8+ Kg7 51.Qd4+ Kh7 52.Qd5 Qf6 53.Qd6  1-0

[Event "16th Balaguer Open"]
[Site "Balaguer ESP"]
[Date "2011.07.24"]
[Round "8"]
[White "Borras Camarasa,M"]
[Black "Orrit Sole,G"]
[Result "1/2-1/2"]
[WhiteElo "1601"]
[BlackElo "1711"]

1.e4 c5 2.Nf3 e6 3.d4 cxd4 4.Nxd4 a6 5.Bd3 g6 6.O-O Bg7 7.c3 Nc6 8.Be3 Nge7
9.Nd2 d5 10.exd5 Nxd5 11.Nxc6 bxc6 12.Bd4 O-O 13.Bxg7 Kxg7 14.Nc4 c5 15.Ne5 Bb7
16.Qd2 h6 17.Rad1 Rc8 18.Be4 Qh4 19.Qc2 Qf4 20.Bxd5 Bxd5 21.Nd7 Rfd8 22.Nb6  1/2-1/2

[Event "III Corporation Cup A"]
[Site "Izhevsk RUS"]
[Date "2011.07.24"]
[Round "9"]
[White "Dvoirys,S"]
[Black "Fedorov,Alex"]
[Result "1/2-1/2"]
[WhiteElo "2554"]
[BlackElo "2598"]

1.e4 c5 2.Nf3 e6 3.d4 cxd4 4.Nxd4 a6 5.Bd3 Bc5 6.Nb3 Be7 7.Qg4 g6 8.Nc3 d6
9.f4 Nf6 10.Qf3 Qc7 11.f5 Nc6 12.Bh6 Ne5 13.Qe2 Nfg4 14.Bd2 b5 15.fxe6 Bxe6
16.O-O O-O 17.Kh1 Rac8 18.Nd4 Qc5 19.Nf5 gxf5 20.exf5 Bd5 21.f6 Nxf6 22.Bg5 Nxd3
23.cxd3 Rfe8 24.Qd2 Bb7 25.d4 Ne4 26.Nxe4 Bxg5 27.Nxc5 Bxd2 28.Nxb7 Re6 29.d5 Rg6
30.Rad1 Be3 31.Rf3 Bd4 32.Na5 Bxb2 33.Nc6 Re8 34.Rf2 Bc3 35.g3 Rf6 36.Kg2 Rxf2+
37.Kxf2 Re4 38.Rd3 b4 39.a3 Kg7 40.axb4 Bxb4 41.Kf3 Rc4 42.Nxb4 Rxb4 43.Ra3 Rb5
44.Rxa6 Rxd5 45.Ke3 Kf6 46.Ra8 Rh5 47.h4 Re5+ 48.Kf3 h5 49.Rh8 Ra5 50.Rh6+ Ke7
51.Kf4 f6 52.Rh8 Ke6 53.Re8+ Kf7 54.Rh8 Re5 55.Ra8 d5 56.Ra4 Re1 57.Ra8 Rf1+
58.Ke3 Kg6 59.Rh8 Kf5 60.Rxh5+ Kg4 61.Rxd5 Kxg3 62.h5 f5 63.h6 f4+ 64.Ke4 Re1+  1/2-1/2

[Event "III Corporation Cup A"]
[Site "Izhevsk RUS"]
[Date "2011.07.24"]
[Round "9"]
[White "Gerasimov,I"]
[Black "Tunik,G"]
[Result "1/2-1/2"]
[WhiteElo "2350"]
[BlackElo "2440"]

1.e4 c5 2.Nf3 e6 3.d4 cxd4 4.Nxd4 a6 5.Bd3 Nf6 6.O-O d6 7.c4 g6 8.Nc3 Bg7
9.Be3 O-O 10.Kh1 b6 11.f4 e5 12.fxe5 Ng4 13.Bg1 Nxe5 14.Nc2 Nbc6 15.Ne3 Rb8
16.Be2 Re8 17.Qd2 Re6 18.Ned5 Na5 19.b3 Bd7 20.Rad1 b5 21.Nf4 Bh6 22.cxb5 Bxf4
23.Qxf4 Bxb5 24.Bxb5 axb5 25.Nd5 Nac6 26.Be3 Rb7 27.Nf6+ Rxf6 28.Qxf6 Qxf6
29.Rxf6 Ng4 30.Rf3 Nce5 31.Rg3 Nf6 32.Rd4 Rc7 33.Bd2 Rc2 34.Rc3 Rxa2 35.Bh6 Ra8
36.h3 Ne8 37.Bf4 f6 38.Bxe5 fxe5 39.Rd5 Rb8 40.Rc2 Kf7 41.b4 Rb6 42.Rd1 Ke6
43.Ra2 Nf6 44.Re1 h5 45.Ra5 h4 46.Kg1 Nh5 47.Kf2 Nf4 48.Rd1 d5 49.exd5+ Nxd5
50.Ra8 Nxb4 51.Re8+ Kf5 52.Ke3 Nc2+ 53.Kd3 Nd4 54.Rf1+ Kg5 55.Rxe5+ Nf5 56.Kc3 Rc6+
57.Kb3 Rd6 58.Rf2 Rd3+ 59.Kc2 Rg3 60.Rxb5 Kh6 61.Kd2 Ra3 62.Rb2 Kg5 63.Rf3 Ra1
64.Rf2 Rg1 65.Rb4 Ra1 66.Rg4+ Kh5 67.Re2 Ra6 68.Re8 Kh6 69.Ke2 Rf6 70.Ke1 Kg7
71.Rf4 Ra6 72.Kf2 Ra2+ 73.Re2 Ra6 74.Rfe4 Kf6 75.Kf3 Ra3+ 76.Kf4 Ng7 77.R2e3 Ra2
78.Re2 Ra3 79.R4e3 Ra4+ 80.Re4 Ra3  1/2-1/2

[Event "Czech GM Open A"]
[Site "Pardubice CZE"]
[Date "2011.07.24"]
[Round "3.69"]
[White "Aliavdin,N"]
[Black "Sakovich,I"]
[Result "0-1"]
[WhiteElo "2392"]
[BlackElo "2218"]

1.e4 c5 2.Nf3 e6 3.d4 cxd4 4.Nxd4 a6 5.Bd3 Bc5 6.Nb3 Ba7 7.Qe2 Nc6 8.Be3 Bxe3
9.Qxe3 Nge7 10.N1d2 O-O 11.f4 d6 12.O-O-O b5 13.Kb1 Qc7 14.Nf3 f6 15.g4 e5
16.f5 d5 17.exd5 Nxd5 18.Qc5 Nf4 19.Be4 Bb7 20.Rd6 Rac8 21.Rhd1 Nb8 22.Qxc7 Rxc7
23.Bxb7 Rxb7 24.Nc5 Rd7 25.c3 Kf7 26.g5 Rc7 27.Ne4 Ke7 28.gxf6+ gxf6 29.Rb6 Rd7
30.Rxd7+ Nxd7 31.Rxa6 Nd5 32.Re6+ Kd8 33.Rd6 Nb6 34.Nc5 Kc7 35.Rxb6 Nxc5
36.Rxb5 Ne4 37.Rb4 Nd6 38.Rh4 Rf7 39.Rh5 Kc6 40.Kc2 Kd5 41.b3 Ke4 42.Nd2+ Kf4
43.Nc4 Nxc4 44.Rh4+ Kf3 45.Rxc4 e4 46.Rc6 e3 47.Re6 e2 48.a4 Rd7 49.a5 Rd6
50.Rxe2 Kxe2 51.c4 Ke3 52.Kc3 Ke4 53.c5 Rd1 54.Kc4 Kxf5 55.a6 Ke6 56.Kb5 Kd7  0-1